000
00306nam a22001337a 4500
008
171107b xxu||||| |||| 00| 0 eng d
020
_a
9780073314976
041
_a
eng
080
_2
4TH
_a
330.322
100
_a
63
101
_a
INV
245
_a
FUNDAMENTALS OF INVESTMENTS
_c
JORDAN,B.D
942
_2
udc
_c
BK
999
_c
38136
_d
38136